Estudio y recuperación de prácticas culturales : (Registro nro. 3916)

Detalles MARC
000 -CABECERA
Campo de control 00879nam a2200217 a 4500
005 - FECHA Y HORA DE LA ULTIMA TRANSACCION
Campo de control 20161015083920.0
008 - ELEMENTOS DE LONGITUD FIJA—INFORMACION GENERAL
Campo de control 140312s2001 ck ab gr|||| 000 0 spa d
020 ## - ISBN
ISBN 9587010892
040 ## - FUENTE DE CATALOGACIÓN
Agencia catalogadora original CO-BoIAVH
Agencia transcriptora CO-BoIAVH
041 0# - IDIOMA
Código de idioma para texto/pista de sonido o título separado Español
044 ## - PAÍS DE PUBLICACIÓN
País de publicación Colombia
082 04 - NUMERO DE CLASIFICACION DECIMAL DEWEY
Número de clasificación 342.0873
Número del ítem C82e
110 2# - ASIENTO PRINCIPAL--NOMBRE CORPORATIVO
Unidad subordinad Corporación para el Desarrollo Sostenible del Sur de la Amazonia
9 (RLIN) 57420
245 10 - MENCION DE TITULO
Título Estudio y recuperación de prácticas culturales :
Parte restante del título De manejo sostenible del bosque en zonas indígenas del sur de la Amazonía colombiana
260 ## - PUBLICACION, DISTRIBUCION, ETC. (PIE DE IMPRENTA)
Lugar de publicación, distribución, etc. Bogotá :
Nombre del editor, distribuidor, etc. CORPOAMAZONIA,
Fecha de publicación, distribución, etc. 2001.
300 ## - DESCRIPCION FISICA
Extensión 125 páginas :
Otros detalles físicos Ilustraciones (algunas a color), mapas ;
Dimensiones 24 x 17 cm.
650 16 - ASIENTO SECUNDARIO DE MATERIA - TERMINO TEMATICO
Término temático o nombre geográfico como elemento de entrada Comunidades indígenas
Subdivisión general Costumbres
Subdivisión geográfica Colombia.
9 (RLIN) 57421
650 16 - ASIENTO SECUNDARIO DE MATERIA - TERMINO TEMATICO
Término temático o nombre geográfico como elemento de entrada Costumbres y tradiciones
Subdivisión cronológica Comunidades Indígenas
9 (RLIN) 57423
650 14 - ASIENTO SECUNDARIO DE MATERIA - TERMINO TEMATICO
9 (RLIN) 57422
Término temático o nombre geográfico como elemento de entrada Prácticas culturales
Subdivisión general Recuperación
942 ## - ELEMENTOS ADICIONALES (KOHA)
Tipo de ítem Libro
Sistema de clasificación Dewey Decimal Classification
Existencias
Withdrawn status Lost status Sistema de Clasificación Damaged status No para préstamo Colección Inventariado Ubicación Permanente Ubicación actual Fecha de adquisición Fuente de Valor Valor Total Checkouts Número topográfico Inventario / Código de Barras Date last seen Ejemplar Price effective from Forma de adquisición Tipo de material
    Dewey Decimal Classification     General Inventariado 2017 Bogotá Bogotá 13/07/2005 Instituto 39000.00   LB-342.0873 C82e 019397 04/12/2012 Ej. 1 04/12/2012   Libro
    Dewey Decimal Classification     General Inventariado 2017 Sala Fabio Quevedo Sala Fabio Quevedo 09/06/2004 Instituto 39000.00   LB-342.0873 C82e 016016 04/12/2012 Ej. 2 04/12/2012 Donación Libro